| 000 | 00573nam a2200193 i 4500 | ||
|---|---|---|---|
| 001 | 58536 | ||
| 003 | ES-MaACL | ||
| 005 | 20230906163830.0 | ||
| 007 | t| | ||
| 008 | 031022s1976 sp ||||1| spa d | ||
| 100 | 1 |
_aStalin, Svetlana Alliluyeva. _9107864 |
|
| 245 | 1 | 0 |
_aRusia, mi padre y yo / _cSvetlana Dyugachvili, Svetlana Stalin ; [traducción Augusto Vidal]. |
| 250 | _a[1ª ed.]. | ||
| 260 |
_aBarcelona : _bPlaneta, _c[1976] |
||
| 300 |
_a326 p. ; _c22 cm. |
||
| 700 | 1 |
_aVidal, Augusto. _9185480 |
|
| 852 |
_aES-MaACL _jC-33454 _bR.63804 |
||
| 999 |
_c58536 _d58536 |
||